000 00519nam a22002057a 4500
003 OSt
005 20140310184348.0
008 121122t xxu||||| |||| 00| 0 eng d
020 _a072141754X
050 _aPR 4567
_b.D548 2007
100 _aDickens, Charles
_93381
245 _aOliver Twist /
_cCharles Dickens.
260 _aUK :
_bLadybird Books
_c2007.
300 _a51 p. :
_bcol. ill. ;
_c18 cm.
521 _aG8
526 _c990
650 _aFiction.
_9746
942 _2lcc
_cBK-SCHOLAS
999 _c33903
_d33903